• 首页
  • 本馆介绍
  • 公告通知
  • 最新文献
  • 馆藏检索
  • 电子资源
  • 读者导购
  • 参考咨询
  • 我的图书馆
  • 登录
  • 详细信息显示
  • 放入我的书架
  • 预约/预借图书
  • 作者相关作品
  • 分类相关作品
  • 丛书相关作品
  • 出版社相关作品

书目信息

  • 表格格式
  • 工作单格式
  • 卡片格式
题名:
四唑化学的现代理论
    
 
作者: 陈兆旭 , 肖鹤鸣 著
分册:  
出版信息: 北京   科学出版社  2000
页数: 266
开本: 20cm
丛书名:
单 册:
中图分类: O626.28
科图分类:
主题词: 有机化学
电子资源:
ISBN: 7-03-008886-7
000 00580nam0 2200193 450
001 0754114953
005 20070929150154.95
010    @a7-03-008886-7
100    @a20070929d km y0chiy0120 ea
101 0  @achi
200 1  @a四唑化学的现代理论@Asi zuo hua xue de xian dai li lun@f肖鹤鸣,陈兆旭 著@Fxiao he ming,chen zhao xu zhu
210    @a北京@c科学出版社@d2000
215    @a266@c插图@d20cm
606 0  @a有机化学
690    @aO626.28@v3
701  0 @a陈兆旭@Achen zhao xu@4著
701  0 @a肖鹤鸣@Axiao he ming@4著
801  0 @aCN@bPFT@c20070929
905    @a213230@dO626.28@eh54@f1
    
    四唑化学的现代理论/肖鹤鸣,陈兆旭 著.-北京:科学出版社,2000
    266:插图;20cm
    
    
    ISBN 7-03-008886-7:
    
●
相关链接 在E读中查询图书 在五车中查询图书 在当当中查询图书 在豆瓣中查询图书


正题名:四唑化学的现代理论     索取号:O626.28/h54         预约/预借

序号 登录号 条形码 馆藏地/架位号 状态 备注
1 6001463   260014638   密集书库-化学系/ [索取号:O626.28/h54] 在馆    
2 6001464   260014647   密集书库-化学系/ [索取号:O626.28/h54] 在馆    
唐山师范学院图书馆 欢迎您!
大连网信软件有限公司© 版权所有